Comunicación no-verbal : cómo la inteligencia emocional se expresa a través de los gestos /

Bibliographic Details
Main Author: Rulicki, Sergio (Author)
Other Authors: Cherny, Martín (contributor agent of text.)
Format: Electronic eBook
Language:Spanish
Published: Buenos Aires : eBook Granica, [2012]
Series:Management (Granica). Comunicación.
Subjects:
Online Access:Digitalia Hispánica

MARC

LEADER 00000nam a2200000Ii 4500
001 DIGGRANC0007
003 NyNyDIG
006 m o d
007 cr |||||||||||
008 250915s2012 ag ao ob 000 0 spa d
035 |a (OCoLC)1536545104 
040 |a DGITA  |b eng  |e rda  |e pn  |c DGITA 
020 |a 9789506416263  |q eBook 
020 |z 9789506414979 
050 1 4 |a P99.5 ebook  
100 1 |a Rulicki, Sergio,  |e author. 
245 1 0 |a Comunicación no-verbal :  |b cómo la inteligencia emocional se expresa a través de los gestos /  |c Sergio Rulicki, Martín Cherny. 
264 1 |a Buenos Aires :  |b eBook Granica,  |c [2012] 
300 |a 1 online resource :  |b illustrations, photographs. 
336 |a text  |b txt  |2 rdacontent 
337 |a computer  |b c  |2 rdamedia 
338 |a online resource  |b cr  |2 rdacarrier 
347 |a text file  |2 rdaft 
347 |b EPUB 
347 |b PDF 
490 1 |a Management. Comunicación 
504 |a Includes bibliographical references. 
588 0 |a Online resource; title from ePub title page (Digitalia, viewed September 15, 2025) 
650 0 |a Nonverbal communication.  
650 0 |a Emotional intelligence. 
650 0 |a Facial expression.  
700 1 |a Cherny, Martín,  |e contributor agent of text. 
791 2 |a Digitalia (Firm),  |e distributor. 
793 0 |g Digitalia eBook Collection:  |a Granica 
776 0 8 |i Print version:  |a Rulicki, Sergio.  |t Comunicación no-verbal.  |d Buenos Aires : Granica, [2014]  |z 9789506414979 
830 0 |a Management (Granica).  |p Comunicación. 
856 4 0 |3 Digitalia Hispánica  |u https://www.digitaliapublishing.com/a/85550/ 
910 |a Premium collection: 2025